000 00341nam a2200145Ia 4500
005 20251222143207.0
008 251222s9999||||xx |||||||||||||| ||spa||
020 _a8460532860
082 _a796.510.946/A18
100 _aAcebes Arraz, José Luis
245 0 _aGredos, Roca Viva:
250 _a1ra. ed.
264 _bProatur
942 _cLIB
999 _c13304
_d13304